000 004860000a22001810004500
001 10424
020 _a0-393-00846-0
041 0 _aENG
082 0 4 _aG 616.8 H168u
100 1 _aHaley, Jay
245 1 0 _aUncommon therapy : The psychiatric techniques of Milton H. Erickson / Jay Haley
260 _aNew York, USA : W.W. Norton
300 _a313 Pag
942 _cBK
999 _c39982
_d39982
336 _atexto
_btxt
_2rdacontent
337 _2rdamedia
_asin mediación
_bn
338 _2rdacarrier
_avolumen
_bnc